| 000 | 00405nam a2200145Ia 4500 | ||
|---|---|---|---|
| 008 | 211109s9999||||xx |||||||||||||| ||und|| | ||
| 082 |
_a894.8121 _bAYY-K |
||
| 100 | _aAyyappath, Madhavan | ||
| 245 | 0 | _aKili Mozhikal | |
| 260 |
_bNATIONAL BOOKSTALL _aKottayam _c1986 |
||
| 300 | _a146p. | ||
| 630 | _xGENERAL STACK | ||
| 650 |
_aMALAYALAM _vMALAYALAM LITERATURE _xMALAYALAM POETRYGeneralia |
||
| 942 | _cBOOK | ||
| 999 |
_c38825 _d38825 |
||